Entry Personal Name
Number of records used in: 8
001 - CONTROL NUMBER
003 - CONTROL NUMBER IDENTIFIER
005 - DATE AND TIME OF LATEST TRANSACTION
- control field:
20160523095427.0
008 - FIXED-LENGTH DATA ELEMENTS
- fixed length control field:
160523|| aca||aabn | a|a d
040 ## - CATALOGING SOURCE
- Original cataloging agency:
OSt
- Transcribing agency:
OSt
100 ## - HEADING--PERSONAL NAME
- Personal name:
Ahuja / H.L. Dr.
670 ## - SOURCE DATA FOUND
- Source citation:
Work cat.: (OSt): Ahuja / H.L. Dr., Macroeconomics theory and policy, 2003